Power to the citizen; (Record no. 9819)

MARC details
000 -LEADER
fixed length control field 01829cam a2200337 4500
001 - CONTROL NUMBER
control field 3146692
005 - DATE AND TIME OF LATEST TRANSACTION
control field 20260513052838.0
008 - FIXED-LENGTH DATA ELEMENTS--GENERAL INFORMATION
fixed length control field 720321r19721969ilu b 000 0 eng
010 ## - LIBRARY OF CONGRESS CONTROL NUMBER
LC control number 73174986
020 ## - INTERNATIONAL STANDARD BOOK NUMBER
International Standard Book Number 0841030804, 084103074X
035 ## - SYSTEM CONTROL NUMBER
System control number 3146692
040 ## - CATALOGING SOURCE
Transcribing agency IRDP
Modifying agency DLC
043 ## - GEOGRAPHIC AREA CODE
Geographic area code n-us---
050 00 - LIBRARY OF CONGRESS CALL NUMBER
Classification number JA74.5
Item number .B34 1972
082 00 - DEWEY DECIMAL CLASSIFICATION NUMBER
Classification number 320.973 POW
100 1# - MAIN ENTRY--PERSONAL NAME
Personal name Barber, James David,
Relator term comp.
245 10 - TITLE STATEMENT
Title Power to the citizen;
Remainder of title introductory readings.
250 ## - EDITION STATEMENT
Edition statement [2d ed.]
260 ## - PUBLICATION, DISTRIBUTION, ETC. (IMPRINT)
Place of publication, distribution, etc. Chicago,
Name of publisher, distributor, etc. Markham Pub. Co.
Date of publication, distribution, etc. [1972]
300 ## - PHYSICAL DESCRIPTION
Extent x, 248 p.
Dimensions 24 cm.
490 0# - SERIES STATEMENT
Series statement Markham political science series
500 ## - GENERAL NOTE
General note First published in 1969 under title: Readings in citizen politics.
504 ## - BIBLIOGRAPHY, ETC. NOTE
Bibliography, etc Includes bibliographical references.
505 0# - FORMATTED CONTENTS NOTE
Formatted contents note Introductory note, by J. D. Barber.--Votes for teen-agers, by W. G. Carleton.--Preconditions for and effects of Negro political organization in the South, by D. R. Matthews and J. W. Prothro.--The alienation of white ethnic groups, by A. M. Greeley.--Policy discussion in political campaigning, by S. Kelley, Jr.--Children and politics in Britain, France, and the United States, by F. I. Greenstein and S. Tarrow.--What segregation means to a segregationist, by R. Coles.--Television studio to White House, by J. Whale.--The unholy alliance against the campus, by K. Keniston and M. Lerner.--Dove bites hawk, by L. Chester, G. Hodgson, and B. Page.--Night comes to the Cumberlands, by H. M. Caudill.--Where do we go from here? By M. L. King, Jr.
650 #0 - SUBJECT ADDED ENTRY--TOPICAL TERM
Topical term or geographic name as entry element Political psychology.
650 #0 - SUBJECT ADDED ENTRY--TOPICAL TERM
Topical term or geographic name as entry element Political participation
Geographic subdivision United States.
651 #0 - SUBJECT ADDED ENTRY--GEOGRAPHIC NAME
Geographic name United States
General subdivision Politics and government
Chronological subdivision 1945-1989.
906 ## - LOCAL DATA ELEMENT F, LDF (RLIN)
a 7
b cbc
c orignew
d 2
e ncip
f 19
g y-gencatlg
942 ## - ADDED ENTRY ELEMENTS (KOHA)
Source of classification or shelving scheme Dewey Decimal Classification
Koha item type BOOKS
Holdings
Withdrawn status Lost status Source of classification or shelving scheme Damaged status Not for loan Home library Current library Shelving location Date acquired Total Checkouts Full call number Barcode Date last seen Price effective from Koha item type
    Dewey Decimal Classification     Dodoma Dodoma Ground Floor 13/05/2026   320.973 POW LIB002529 13/05/2026 13/05/2026 BOOKS

IRDP © 2021 :: Managed by ICT Team